Eastern Utah Libraries Catalog: Duchesne, Heber, Roosevelt, & Vernal

Eva y Bebe Mo / (Record no. 374182)

MARC details
000 -LEADER
fixed length control field 01573nam a2200373 i 4500
001 - CONTROL NUMBER
control field 2267322
003 - CONTROL NUMBER IDENTIFIER
control field IlBcCP
005 - DATE AND TIME OF LATEST TRANSACTION
control field 20251222151920.0
008 - FIXED-LENGTH DATA ELEMENTS--GENERAL INFORMATION
fixed length control field 251222s2022 nyua c 000 1 spa
020 ## - INTERNATIONAL STANDARD BOOK NUMBER
International Standard Book Number 1536472026
020 ## - INTERNATIONAL STANDARD BOOK NUMBER
International Standard Book Number 9781338798210
020 ## - INTERNATIONAL STANDARD BOOK NUMBER
International Standard Book Number 9781536472028
040 ## - CATALOGING SOURCE
Description conventions rda
Transcribing agency IlBcCP
Language of cataloging eng
082 14 - DEWEY DECIMAL CLASSIFICATION NUMBER
Classification number [Fic]
Edition number 23
100 1# - MAIN ENTRY--PERSONAL NAME
Personal name Elliott, Rebecca.,
Relator term author.
9 (RLIN) 5682347
245 10 - TITLE STATEMENT
Title Eva y Bebe Mo /
Statement of responsibility, etc Rebecca Elliott ; illustrated by Rebecca Elliott.
264 #1 - Production, Publication, Distribution, Manufacture, and Copyright Notice.
Place of production, publication, distribution, manufacture New York, NY :
Name of producer, publisher, distributor, manufacturer Scholastic, Incorporated,
Date of production, publication, distribution, manufacture, or copyr 2022.
300 ## - PHYSICAL DESCRIPTION
Extent 71 pages :
Other physical details color illustrations ;
Dimensions 20 cm.
336 ## - Content Type
Content type term text
337 ## - Media type
Media type term unmediated
338 ## - Carrier type
Carrier type term volume
490 1# - SERIES STATEMENT
Series statement Owl diaries ;
Volume number/sequential designation 10
520 ## - SUMMARY, ETC.
Summary, etc Eva is excited to babysit her little brother, Mo. She and her friends prepare bug candy snacks, a puppet show, and a song to sing him to sleep. They are ready for ANYTHING! But soon, Eva discovers that taking care of a little baby is a BIG job. Can she put baby Mo to sleep before Mom and Dad get home?
521 2# - TARGET AUDIENCE NOTE
Target audience note K123
Source Libraria.
526 8# - STUDY PROGRAM INFORMATION NOTE
Program name Accelerated Reader AR
Interest level LG
Reading level 2.7
Title point value 0.5
Public note 500354.
546 ## - LANGUAGE NOTE
Language note In Spanish.
650 #0 - SUBJECT ADDED ENTRY--TOPICAL TERM
Topical term or geographic name as entry element Babysitters
Form subdivision Juvenile fiction.
9 (RLIN) 5691714
650 #0 - SUBJECT ADDED ENTRY--TOPICAL TERM
Topical term or geographic name as entry element Brothers and sisters
Form subdivision Juvenile fiction.
9 (RLIN) 5674032
650 #0 - SUBJECT ADDED ENTRY--TOPICAL TERM
Topical term or geographic name as entry element Friendship
Form subdivision Juvenile fiction.
9 (RLIN) 5673647
650 #0 - SUBJECT ADDED ENTRY--TOPICAL TERM
Topical term or geographic name as entry element Owls
Form subdivision Juvenile fiction.
9 (RLIN) 5702979
650 #0 - SUBJECT ADDED ENTRY--TOPICAL TERM
Topical term or geographic name as entry element Spanish language materials.
700 1# - ADDED ENTRY--PERSONAL NAME
Personal name Elliott, Rebecca,
Relator term illustrator.
9 (RLIN) 5682347
800 1# - SERIES ADDED ENTRY--PERSONAL NAME
Personal name Elliott, Rebecca.
Title of a work Owl diaries.
Language of a work Spanish ;
Volume/sequential designation 10.
9 (RLIN) 6449196
Holdings
Withdrawn status Lost status Source of classification or shelving scheme Damaged status Not for loan Collection code Home library Current library Shelving location Date acquired Source of acquisition Total Checkouts Total Renewals Full call number Barcode Date last seen Date checked out Cost, replacement price Price effective from Koha item type
    Dewey Decimal Classification     Spanish Junior Fiction Wasatch County Library Wasatch County Library First Floor 06/07/2022 Rainbow Books 5 3 J Elliott 34301001890575 10/22/2025 12/27/2023 14.95 06/07/2022 BOOK
This project was made possible through a grant from the Institute of Museum and Library Service administered by the Utah State Library Division.

Wasatch County Library

  • 465 East 1200 South, Heber City, Utah 84032
  • Phone 435-654-1511 | Fax 435-654-6456

Hours

  • Monday - Friday 9:30 AM - 8:00 PM
  • Saturday 9:30 AM - 1:30 PM
  • Closed Sundays and Holidays